LT COLONEL HAQ NAWAZ KAYANI SHAHEED SITARE JURAT (Record no. 581167)

000 -LEADER
fixed length control field 00274nam a22001097a 4500
082 ## - DEWEY DECIMAL CLASSIFICATION NUMBER
Classification number 223.5 SAE'L
100 ## - MAIN ENTRY--PERSONAL NAME
Personal name SAEED, RASHID
9 (RLIN) 45965
245 ## - TITLE STATEMENT
Title LT COLONEL HAQ NAWAZ KAYANI SHAHEED SITARE JURAT
260 ## - PUBLICATION, DISTRIBUTION, ETC.
Place of publication, distribution, etc. JHELUM
Name of publisher, distributor, etc. MILITARY COLLEGE
Date of publication, distribution, etc. 1980
300 ## - PHYSICAL DESCRIPTION
Extent 162P
942 ## - ADDED ENTRY ELEMENTS (KOHA)
Koha item type Book
Holdings
Withdrawn status Lost status Damaged status Not for loan Permanent Location Current Location Shelving location Date acquired Total Checkouts Full call number Barcode Date last seen Price effective from Koha item type
        College of Electrical & Mechanical Engineering (CEME) College of Electrical & Mechanical Engineering (CEME) General Stacks 05/22/2017   223.5 SAE'L CEME-12401 06/28/2021 06/28/2021 Book
        College of Electrical & Mechanical Engineering (CEME) College of Electrical & Mechanical Engineering (CEME) General Stacks 05/22/2017   223.5 SAE'L CEME-12402 06/28/2021 06/28/2021 Book
© 2023 Central Library, National University of Sciences and Technology. All Rights Reserved.